ბათუმის შოთა რუსთაველის სახელმწიფო უნივერსიტეტის ბიბლიოთეკა

Shape theory : (ბიბ.ჩანაწერი № 57506)

000 -LEADER
fixed length control field 01148pam a2200325 a 4500
001 - CONTROL NUMBER
control field 1843243
005 - DATE AND TIME OF LATEST TRANSACTION
control field 20200630124432.0
008 - FIXED-LENGTH DATA ELEMENTS--GENERAL INFORMATION
fixed length control field 811002s1982 ne a b 001 0 eng
010 ## - LIBRARY OF CONGRESS CONTROL NUMBER
LC control number 81016809
020 ## - INTERNATIONAL STANDARD BOOK NUMBER
International Standard Book Number 0444862862
020 ## - INTERNATIONAL STANDARD BOOK NUMBER
International Standard Book Number 9781493307098
040 ## - CATALOGING SOURCE
Original cataloging agency DLC
Transcribing agency DLC
Modifying agency DLC
041 ## - LANGUAGE CODE
Language code of text/sound track or separate title eng
050 00 - LIBRARY OF CONGRESS CALL NUMBER
Classification number QA612.7
Item number .M35 1982
080 ## - UNIVERSAL DECIMAL CLASSIFICATION NUMBER
Universal Decimal Classification number 515+514 M-29
082 00 - DEWEY DECIMAL CLASSIFICATION NUMBER
Classification number 514/.24
Edition number 19
100 1# - MAIN ENTRY--PERSONAL NAME
Personal name Mardešić, S.
Fuller form of name (Sibe),
Dates associated with a name 1927-
9 (RLIN) 8901
245 10 - TITLE STATEMENT
Title Shape theory :
Remainder of title the inverse system approach /
Statement of responsibility, etc. S. Mardešić, J. Segal.
260 ## - PUBLICATION, DISTRIBUTION, ETC.
Place of publication, distribution, etc. Amsterdam ;
-- New York :
Name of publisher, distributor, etc. North-Holland Pub. Co. ;
Place of publication, distribution, etc. New York, N.Y. :
Name of publisher, distributor, etc. Sole distributors for the U.S.A. and Canada, Elsevier Science Pub. Co.,
Date of publication, distribution, etc. 1982.
300 ## - PHYSICAL DESCRIPTION
Extent xv, 378 p. :
Other physical details ill. ;
Dimensions 23 cm.
440 #0 - SERIES STATEMENT/ADDED ENTRY--TITLE
Title North-Holland mathematical library ;
Volume/sequential designation v. 26
9 (RLIN) 8902
500 ## - GENERAL NOTE
General note Includes index.
504 ## - BIBLIOGRAPHY, ETC. NOTE
Bibliography, etc. note Bibliography: p. 341-371.
650 #0 - SUBJECT ADDED ENTRY--TOPICAL TERM
Topical term or geographic name entry element Shape theory (Topology)
9 (RLIN) 8903
653 ## - INDEX TERM--UNCONTROLLED
keyword მათემატიკა
653 ## - INDEX TERM--UNCONTROLLED
keyword ტოპოლოგია
700 1# - ADDED ENTRY--PERSONAL NAME
Personal name Segal, Jack.
Relator term ავტორი
9 (RLIN) 8904
906 ## - LOCAL DATA ELEMENT F, LDF (RLIN)
a 7
b cbc
c orignew
d 1
e ocip
f 19
g y-gencatlg
942 ## - ADDED ENTRY ELEMENTS (KOHA)
Source of classification or shelving scheme
Koha item type წიგნი
ეგზემპლარები
Withdrawn status Lost status Source of classification or shelving scheme Damaged status Not for loan Permanent Location Current Location Shelving location Date acquired Cost, normal purchase price Full call number Barcode Date last seen Copy number Price effective from Koha item type Public note
          ბათუმის შოთა რუსთაველის სახელმწიფო უნივერსიტეტის მთავარი ბიბლიოთეკა ბათუმის შოთა რუსთაველის სახელმწიფო უნივერსიტეტის მთავარი ბიბლიოთეკა წიგნსაცავი 2020-06-30 96.00 515+514 M-29 60707 2020-06-30 60707 2020-06-30 წიგნი 96 ლ.